<?xml version="1.0" encoding="UTF-8"?>
<record
    xmlns:xsi="http://www.w3.org/2001/XMLSchema-instance"
    xsi:schemaLocation="http://www.loc.gov/MARC21/slim http://www.loc.gov/standards/marcxml/schema/MARC21slim.xsd"
    xmlns="http://www.loc.gov/MARC21/slim">

  <leader>00997nam a2200205Ia 4500</leader>
  <controlfield tag="008">120622s2006    mx ac  gr     000 0 spa d</controlfield>
  <datafield tag="020" ind1=" " ind2=" ">
    <subfield code="a">9700765083</subfield>
  </datafield>
  <datafield tag="082" ind1=" " ind2=" ">
    <subfield code="a">801.93 M764t</subfield>
  </datafield>
  <datafield tag="100" ind1="1" ind2=" ">
    <subfield code="a">Montes de Oca, Francisco</subfield>
    <subfield code="e">autor</subfield>
    <subfield code="9">6403</subfield>
  </datafield>
  <datafield tag="245" ind1="1" ind2="0">
    <subfield code="a">Teor&#xED;a y t&#xE9;cnica de la literatura</subfield>
    <subfield code="c">/ Francisco Montes de Oca</subfield>
  </datafield>
  <datafield tag="250" ind1=" " ind2=" ">
    <subfield code="a">22a. edici&#xF3;n</subfield>
  </datafield>
  <datafield tag="260" ind1=" " ind2=" ">
    <subfield code="a">M&#xE9;xico</subfield>
    <subfield code="b">: Porr&#xFA;a</subfield>
    <subfield code="c">, 2006</subfield>
  </datafield>
  <datafield tag="300" ind1=" " ind2=" ">
    <subfield code="a">217 p&#xE1;ginas</subfield>
  </datafield>
  <datafield tag="337" ind1=" " ind2=" ">
    <subfield code="a">texto</subfield>
  </datafield>
  <datafield tag="338" ind1=" " ind2=" ">
    <subfield code="a">sin medio</subfield>
  </datafield>
  <datafield tag="339" ind1=" " ind2=" ">
    <subfield code="a">volumen</subfield>
  </datafield>
  <datafield tag="505" ind1="0" ind2=" ">
    <subfield code="a">Nociones de Est&#xE9;tica
El artista literario
La obra literaria
Figuras de dicci&#xF3;n
Figuras de pensamiento
Tropos 
El estilo literario
Escuelas y corrientes literarias (I)
Escuelas y corrientes literarias (II)
La versificaci&#xF3;n
Los versos castellanos
La estrofa (I)
La estrofa (II)
La poes&#xED;a &#xE9;pica
La novela
La poes&#xED;a l&#xED;rica
La poes&#xED;a dram&#xE1;tica
Los g&#xE9;neros dram&#xE1;ticos
La oratoria y la historia
Did&#xE1;ctica, cr&#xED;tica, periodismo</subfield>
  </datafield>
  <datafield tag="650" ind1="1" ind2="4">
    <subfield code="a">LITERATURA</subfield>
    <subfield code="x">HISTORIA Y CR&#xCD;TICA</subfield>
    <subfield code="9">6404</subfield>
  </datafield>
  <datafield tag="942" ind1=" " ind2=" ">
    <subfield code="2">ddc</subfield>
    <subfield code="c">LB</subfield>
  </datafield>
  <datafield tag="952" ind1=" " ind2=" ">
    <subfield code="0">0</subfield>
    <subfield code="1">0</subfield>
    <subfield code="4">0</subfield>
    <subfield code="7">0</subfield>
    <subfield code="a">01</subfield>
    <subfield code="b">01</subfield>
    <subfield code="d">2009-08-18</subfield>
    <subfield code="l">2</subfield>
    <subfield code="o">801.93 M764T</subfield>
    <subfield code="p">01 011523</subfield>
    <subfield code="r">2016-04-21</subfield>
    <subfield code="s">2016-04-21</subfield>
    <subfield code="t">1</subfield>
    <subfield code="w">2012-06-24</subfield>
    <subfield code="y">LB</subfield>
  </datafield>
  <datafield tag="999" ind1=" " ind2=" ">
    <subfield code="c">60847</subfield>
    <subfield code="d">60847</subfield>
  </datafield>
</record>
